[Event "MCR zen 2023-rapid"]
[Site "?"]
[Date "2023.05.10"]
[Round "1.2"]
[White "Kanakova, Natalie"]
[Black "Hosova, Sandra"]
[Result "0-1"]
[BlackElo "1738"]
[WhiteElo "2072"]
[LiveChessVersion "1.4.8"]

1. e4 {[%clk 0:15:07]} d5 {[%clk 0:15:09]} 2. exd5 {[%clk 0:15:10]} Qxd5
{[%clk 0:15:12]} 3. Nc3 {[%clk 0:15:12]} Qd6 {[%clk 0:15:16]} 4. d4
{[%clk 0:15:10]} c6 {[%clk 0:15:19]} 5. Bc4 {[%clk 0:15:05]} Nf6 {[%clk 0:15:18]}
6. Nge2 {[%clk 0:15:04]} Bg4 {[%clk 0:14:47]} 7. f3 {[%clk 0:15:05]} Bh5
{[%clk 0:14:45]} 8. Bf4 {[%clk 0:14:34]} Qd8 {[%clk 0:14:22]} 9. O-O
{[%clk 0:13:01]} e6 {[%clk 0:14:25]} 10. Ng3 {[%clk 0:12:19]} Bg6
{[%clk 0:14:22]} 11. Nce4 {[%clk 0:11:22]} Be7 {[%clk 0:13:46]} 12. c3
{[%clk 0:11:12]} O-O {[%clk 0:13:45]} 13. Qb3 {[%clk 0:10:23]} b5
{[%clk 0:12:50]} 14. Be2 {[%clk 0:10:15]} Nbd7 {[%clk 0:12:38]} 15. a4
{[%clk 0:09:29]} a6 {[%clk 0:12:41]} 16. Rfd1 {[%clk 0:09:13]} Nb6
{[%clk 0:12:37]} 17. axb5 {[%clk 0:09:04]} axb5 {[%clk 0:11:41]} 18. Nf2
{[%clk 0:07:37]} Nbd5 {[%clk 0:11:27]} 19. Bd2 {[%clk 0:07:31]} Qd7
{[%clk 0:10:21]} 20. Nd3 {[%clk 0:07:26]} Rfb8 {[%clk 0:09:37]} 21. Ra2
{[%clk 0:06:51]} Rxa2 {[%clk 0:09:15]} 22. Qxa2 {[%clk 0:06:55]} h6
{[%clk 0:08:39]} 23. Ne5 {[%clk 0:06:53]} Qc7 {[%clk 0:08:31]} 24. Nxg6
{[%clk 0:06:53]} fxg6 {[%clk 0:08:34]} 25. Bd3 {[%clk 0:06:33]} g5
{[%clk 0:07:31]} 26. Re1 {[%clk 0:06:08]} Qd7 {[%clk 0:07:17]} 27. Ra1
{[%clk 0:04:39]} Nf4 {[%clk 0:06:57]} 28. Bc2 {[%clk 0:04:12]} c5
{[%clk 0:06:31]} 29. Be3 {[%clk 0:03:48]} N6d5 {[%clk 0:06:21]} 30. Bf2
{[%clk 0:03:51]} c4 {[%clk 0:05:00]} 31. Ne4 {[%clk 0:03:31]} Qc6
{[%clk 0:04:32]} 32. Qa7 {[%clk 0:03:11]} Rc8 {[%clk 0:03:47]} 33. Ra6
{[%clk 0:03:02]} Qe8 {[%clk 0:03:38]} 34. Nc5 {[%clk 0:02:20]} Nc7
{[%clk 0:01:46]} 35. Ra3 {[%clk 0:01:23]} Nfd5 {[%clk 0:01:23]} 36. Qb7
{[%clk 0:00:36]} Rb8 {[%clk 0:01:18]} 37. Bg6 {[%clk 0:00:31]} Qd8
{[%clk 0:01:16]} 38. Qc6 {[%clk 0:00:35]} Rb6 {[%clk 0:01:03]} 39. Qd7
{[%clk 0:00:30]} Qxd7 {[%clk 0:00:59]} 40. Nxd7 {[%clk 0:00:33]} Bxa3
{[%clk 0:00:57]} 41. Nxb6 {[%clk 0:00:23]} Bxb2 {[%clk 0:01:00]} 42. Nd7
{[%clk 0:00:12]} Bxc3 {[%clk 0:00:59]} 43. Ne5 {[%clk 0:00:13]} Nf4
{[%clk 0:00:49]} 44. Bb1 {[%clk 0:00:10]} Ne2+ {[%clk 0:00:48]} 45. Kf1
{[%clk 0:00:12]} Nxd4 {[%clk 0:00:51]} 46. Be3 {[%clk 0:00:08]} Nd5
{[%clk 0:00:49]} 47. Bc1 {[%clk 0:00:11]} Nb6 {[%clk 0:00:42]} 48. Be3
{[%clk 0:00:10]} b4 {[%clk 0:00:40]} 49. Bxd4 {[%clk 0:00:06]} Bxd4
{[%clk 0:00:43]} 50. Nc6 {[%clk 0:00:09]} Bc5 {[%clk 0:00:43]} 51. Ke2
{[%clk 0:00:12]} Kf7 {[%clk 0:00:44]} 52. Kd2 {[%clk 0:00:08]} Ke8
{[%clk 0:00:44]} 53. Ne5 {[%clk 0:00:09]} Ke7 {[%clk 0:00:45]} 54. g3
{[%clk 0:00:08]} Kd6 {[%clk 0:00:44]} 55. f4 {[%clk 0:00:08]} gxf4
{[%clk 0:00:40]} 56. gxf4 {[%clk 0:00:12]} Nd5 {[%clk 0:00:38]} 57. Nxc4+
{[%clk 0:00:13]} Kd7 {[%clk 0:00:38]} 58. Ne5+ {[%clk 0:00:14]} Ke7
{[%clk 0:00:31]} 59. Nd3 {[%clk 0:00:16]} Bd6 {[%clk 0:00:32]} 60. Ba2
{[%clk 0:00:14]} Nxf4 {[%clk 0:00:33]} 61. Nxf4 {[%clk 0:00:13]} Bxf4+
{[%clk 0:00:37]} 62. Kd3 {[%clk 0:00:16]} Bxh2 {[%clk 0:00:40]} 63. Ke4
{[%clk 0:00:08]} Kf6 {[%clk 0:00:30]} 64. Bb3 {[%clk 0:00:10]} g5
{[%clk 0:00:30]} 65. Bc4 {[%clk 0:00:08]} h5 {[%clk 0:00:29]} 66. Kf3
{[%clk 0:00:07]} Ke5 {[%clk 0:00:27]} 67. Kg2 {[%clk 0:00:11]} Bf4
{[%clk 0:00:30]} 68. Bb3 {[%clk 0:00:13]} Kd6 {[%clk 0:00:25]} 69. Kf3
{[%clk 0:00:16]} e5 {[%clk 0:00:21]} 70. Ke4 {[%clk 0:00:16]} g4 {[%clk 0:00:22]}
71. Bf7 {[%clk 0:00:18]} h4 {[%clk 0:00:23]} 72. Bh5 {[%clk 0:00:09]} g3
{[%clk 0:00:23]} 73. Kf3 {[%clk 0:00:10]} Kc5 {[%clk 0:00:18]} 74. Kg2
{[%clk 0:00:11]} Kd4 {[%clk 0:00:17]} 75. Bf7 {[%clk 0:00:14]} e4
{[%clk 0:00:20]} 76. Bb3 {[%clk 0:00:17]} e3 {[%clk 0:00:17]} 77. Bd1
{[%clk 0:00:21]} Kc3 {[%clk 0:00:16]} 78. Kh3 {[%clk 0:00:21]} b3
{[%clk 0:00:19]} 79. Bf3 {[%clk 0:00:23]} b2 {[%clk 0:00:20]} 80. Be4
{[%clk 0:00:27]} e2 {[%clk 0:00:23]} 0-1

[Event "MCR zen 2023-rapid"]
[Site "?"]
[Date "2023.05.10"]
[Round "1.3"]
[White "Voriskova, Anna"]
[Black "Dvorakova, Olga"]
[Result "1/2-1/2"]
[BlackElo "1915"]
[WhiteElo "1645"]
[LiveChessVersion "1.4.8"]

1. d4 {[%clk 0:15:09]} Nf6 {[%clk 0:15:07]} 2. c4 {[%clk 0:15:13]} c5
{[%clk 0:15:11]} 3. d5 {[%clk 0:15:16]} b5 {[%clk 0:15:16]} 4. cxb5
{[%clk 0:15:16]} a6 {[%clk 0:15:19]} 5. e3 {[%clk 0:15:10]} axb5 {[%clk 0:15:21]}
6. Bxb5 {[%clk 0:15:14]} Qa5+ {[%clk 0:15:25]} 7. Nc3 {[%clk 0:15:15]} Bb7
{[%clk 0:15:26]} 8. Bd2 {[%clk 0:15:08]} Qb6 {[%clk 0:15:27]} 9. Bc4
{[%clk 0:13:49]} e6 {[%clk 0:15:31]} 10. Qf3 {[%clk 0:13:45]} exd5
{[%clk 0:14:13]} 11. Nxd5 {[%clk 0:10:32]} Bxd5 {[%clk 0:14:06]} 12. Bxd5
{[%clk 0:10:36]} Nxd5 {[%clk 0:14:09]} 13. Qxd5 {[%clk 0:10:36]} Qxb2
{[%clk 0:14:13]} 14. Qe4+ {[%clk 0:10:19]} Be7 {[%clk 0:14:01]} 15. Rb1
{[%clk 0:10:21]} Qxa2 {[%clk 0:13:31]} 16. Ne2 {[%clk 0:10:12]} Nc6
{[%clk 0:13:03]} 17. Nc3 {[%clk 0:06:39]} Qe6 {[%clk 0:12:29]} 18. Qf4
{[%clk 0:05:56]} O-O {[%clk 0:12:01]} 19. O-O {[%clk 0:05:57]} Rfb8
{[%clk 0:09:01]} 20. Nb5 {[%clk 0:05:39]} Ra2 {[%clk 0:07:03]} 21. Bc3
{[%clk 0:05:12]} d5 {[%clk 0:06:06]} 22. Nd4 {[%clk 0:04:24]} Bd6
{[%clk 0:05:27]} 23. Nxe6 {[%clk 0:03:34]} Bxf4 {[%clk 0:05:31]} 24. Nxf4
{[%clk 0:03:37]} Rxb1 {[%clk 0:02:09]} 25. Rxb1 {[%clk 0:03:40]} d4
{[%clk 0:01:54]} 26. exd4 {[%clk 0:03:40]} cxd4 {[%clk 0:01:55]} 27. Bxd4
{[%clk 0:03:40]} g5 {[%clk 0:01:40]} 28. Nh5 {[%clk 0:01:42]} f5 {[%clk 0:00:10]}
29. Bb6 {[%clk 0:00:37]} Kf7 {[%clk 0:00:07]} 30. h3 {[%clk 0:00:29]} f4
{[%clk 0:00:07]} 31. Rc1 {[%clk 0:00:21]} Ne5 {[%clk 0:00:07]} 32. Bc7
{[%clk 0:00:17]} Nd3 {[%clk 0:00:09]} 33. Rd1 {[%clk 0:00:19]} Nxf2
{[%clk 0:00:08]} 34. Rf1 {[%clk 0:00:14]} Ne4 {[%clk 0:00:09]} 35. Nxf4
{[%clk 0:00:16]} gxf4 {[%clk 0:00:12]} 36. Rxf4+ {[%clk 0:00:19]} Nf6
{[%clk 0:00:16]} 37. Be5 {[%clk 0:00:22]} Ra6 {[%clk 0:00:20]} 38. Bxf6
{[%clk 0:00:22]} Rxf6 {[%clk 0:00:24]} 39. Rxf6+ {[%clk 0:00:26]} Kxf6
{[%clk 0:00:27]} 40. Kf2 {[%clk 0:00:30]} h5 {[%clk 0:00:14]} 41. Kg3
{[%clk 0:00:22]} Kg5 {[%clk 0:00:08]} 42. h4+ {[%clk 0:00:17]} Kf5
{[%clk 0:00:09]} 43. Kf3 {[%clk 0:00:20]} Ke5 {[%clk 0:00:10]} 44. Kg3
{[%clk 0:00:10]} Kf5 {[%clk 0:00:15]} 45. Kf3 {[%clk 0:00:15]} Ke5
{[%clk 0:00:19]} 46. g4 {[%clk 0:00:17]} hxg4+ {[%clk 0:00:17]} 47. Kxg4
{[%clk 0:00:21]} Kf6 {[%clk 0:00:22]} 48. Kh5 {[%clk 0:00:23]} Kg7
{[%clk 0:00:26]} 49. Kg5 {[%clk 0:00:27]} Kh7 {[%clk 0:00:30]} 1/2-1/2

[Event "MCR zen 2023-rapid"]
[Site "?"]
[Date "2023.05.10"]
[Round "2.1"]
[White "Fizerova, Lucie"]
[Black "Novosadova, Kristyna"]
[Result "1-0"]
[BlackElo "2094"]
[WhiteElo "1679"]
[LiveChessVersion "1.4.8"]

1. e4 {[%clk 0:15:07]} e5 {[%clk 0:15:09]} 2. Nf3 {[%clk 0:15:10]} Nc6
{[%clk 0:15:13]} 3. Bc4 {[%clk 0:15:14]} Nf6 {[%clk 0:15:10]} 4. Ng5
{[%clk 0:15:17]} d5 {[%clk 0:15:11]} 5. exd5 {[%clk 0:15:20]} Na5
{[%clk 0:15:15]} 6. Bb5+ {[%clk 0:15:24]} c6 {[%clk 0:15:18]} 7. dxc6
{[%clk 0:15:27]} bxc6 {[%clk 0:15:22]} 8. Bd3 {[%clk 0:15:31]} Nd5
{[%clk 0:13:31]} 9. Nf3 {[%clk 0:15:34]} Bd6 {[%clk 0:13:20]} 10. O-O
{[%clk 0:15:37]} O-O {[%clk 0:12:45]} 11. Re1 {[%clk 0:15:40]} Nf4
{[%clk 0:12:16]} 12. Bf1 {[%clk 0:14:39]} c5 {[%clk 0:10:35]} 13. d3
{[%clk 0:14:19]} Nc6 {[%clk 0:10:21]} 14. c3 {[%clk 0:13:38]} Bb7
{[%clk 0:09:51]} 15. Nbd2 {[%clk 0:13:12]} Bc7 {[%clk 0:08:20]} 16. Ne4
{[%clk 0:12:17]} Ne6 {[%clk 0:07:50]} 17. Nfg5 {[%clk 0:11:30]} Nxg5
{[%clk 0:06:14]} 18. Bxg5 {[%clk 0:11:17]} Qd5 {[%clk 0:04:38]} 19. Bf6
{[%clk 0:10:47]} Bd8 {[%clk 0:03:45]} 20. Qg4 {[%clk 0:10:28]} g6
{[%clk 0:03:44]} 21. Qh4 {[%clk 0:09:41]} h5 {[%clk 0:02:11]} 22. Qg5
{[%clk 0:08:47]} Qe6 {[%clk 0:02:07]} 23. Bxd8 {[%clk 0:08:17]} Raxd8
{[%clk 0:01:41]} 24. Nxc5 {[%clk 0:07:29]} Qc8 {[%clk 0:01:45]} 25. Qh6
{[%clk 0:05:49]} Ne7 {[%clk 0:01:01]} 26. Rxe5 {[%clk 0:05:00]} Nf5
{[%clk 0:00:22]} 27. Qg5 {[%clk 0:03:36]} Rd5 {[%clk 0:00:13]} 28. Rxd5
{[%clk 0:03:09]} Bxd5 {[%clk 0:00:17]} 29. Ne4 {[%clk 0:03:08]} Bxe4
{[%clk 0:00:20]} 30. dxe4 {[%clk 0:03:12]} Ng7 {[%clk 0:00:23]} 31. Rd1
{[%clk 0:02:54]} Re8 {[%clk 0:00:27]} 32. Qf4 {[%clk 0:02:46]} Ne6
{[%clk 0:00:31]} 33. Qe3 {[%clk 0:02:26]} Qb7 {[%clk 0:00:34]} 34. b3
{[%clk 0:02:25]} Ng7 {[%clk 0:00:37]} 35. f3 {[%clk 0:02:23]} Kh7
{[%clk 0:00:39]} 36. Bc4 {[%clk 0:02:06]} Nf5 {[%clk 0:00:42]} 37. Qf2
{[%clk 0:02:05]} Ng7 {[%clk 0:00:44]} 38. Qc5 {[%clk 0:02:00]} Re7
{[%clk 0:00:34]} 39. Bd5 {[%clk 0:01:51]} Qd7 {[%clk 0:00:32]} 40. Rd4
{[%clk 0:01:48]} Ne6 {[%clk 0:00:19]} 41. Bxe6 {[%clk 0:01:49]} Qxe6
{[%clk 0:00:23]} 42. Qd5 {[%clk 0:01:51]} Qb6 {[%clk 0:00:24]} 43. Qd6
{[%clk 0:01:38]} Qb7 {[%clk 0:00:27]} 44. Rb4 {[%clk 0:01:31]} Qd7
{[%clk 0:00:28]} 45. Qxd7 {[%clk 0:01:34]} Rxd7 {[%clk 0:00:32]} 46. Rd4
{[%clk 0:01:38]} Rc7 {[%clk 0:00:37]} 47. c4 {[%clk 0:01:42]} Kg7
{[%clk 0:00:41]} 48. Kf2 {[%clk 0:01:46]} Kf6 {[%clk 0:00:45]} 49. Ke3
{[%clk 0:01:50]} Ke5 {[%clk 0:00:49]} 50. f4+ {[%clk 0:01:54]} Ke6
{[%clk 0:00:54]} 51. g3 {[%clk 0:01:58]} a5 {[%clk 0:00:56]} 52. Rd5
{[%clk 0:02:01]} Ra7 {[%clk 0:01:01]} 53. Kd4 {[%clk 0:02:02]} a4
{[%clk 0:01:04]} 54. b4 {[%clk 0:02:06]} a3 {[%clk 0:01:08]} 55. c5
{[%clk 0:02:08]} Rb7 {[%clk 0:00:59]} 56. Rd6+ {[%clk 0:02:09]} Ke7
{[%clk 0:01:01]} 57. Kc4 {[%clk 0:02:11]} Ra7 {[%clk 0:01:06]} 58. e5
{[%clk 0:02:12]} Ra8 {[%clk 0:01:08]} 59. c6 {[%clk 0:02:13]} Ra7
{[%clk 0:01:02]} 60. Kc5 {[%clk 0:02:15]} Ke8 {[%clk 0:00:37]} 61. b5
{[%clk 0:02:02]} Ke7 {[%clk 0:00:25]} 62. Rd7+ {[%clk 0:02:02]} Rxd7
{[%clk 0:00:28]} 63. cxd7 {[%clk 0:02:06]} Kxd7 {[%clk 0:00:32]} 64. Kb6
{[%clk 0:02:10]} 1-0

[Event "MCR zen 2023-rapid"]
[Site "?"]
[Date "2023.05.10"]
[Round "2.2"]
[White "Hosova, Sandra"]
[Black "Kanakova, Natalie"]
[Result "0-1"]
[BlackElo "2072"]
[WhiteElo "1738"]
[LiveChessVersion "1.4.8"]

1. d4 {[%clk 0:15:08]} f5 {[%clk 0:15:07]} 2. g4 {[%clk 0:15:11]} fxg4
{[%clk 0:15:09]} 3. h3 {[%clk 0:15:15]} gxh3 {[%clk 0:15:07]} 4. e4
{[%clk 0:15:18]} d6 {[%clk 0:15:04]} 5. Nc3 {[%clk 0:14:48]} Nf6 {[%clk 0:14:24]}
6. Nxh3 {[%clk 0:14:44]} c6 {[%clk 0:13:24]} 7. Bc4 {[%clk 0:14:27]} d5
{[%clk 0:13:09]} 8. exd5 {[%clk 0:13:49]} Bg4 {[%clk 0:12:33]} 9. f3
{[%clk 0:13:40]} Bxh3 {[%clk 0:11:42]} 10. Rxh3 {[%clk 0:13:35]} cxd5
{[%clk 0:11:43]} 11. Bb5+ {[%clk 0:13:13]} Nc6 {[%clk 0:11:44]} 12. Bg5
{[%clk 0:12:55]} Qd7 {[%clk 0:11:22]} 13. Rh2 {[%clk 0:12:21]} O-O-O
{[%clk 0:09:54]} 14. Qe2 {[%clk 0:12:10]} a6 {[%clk 0:09:11]} 15. Ba4
{[%clk 0:12:09]} b5 {[%clk 0:08:58]} 16. Nxb5 {[%clk 0:11:06]} axb5
{[%clk 0:08:33]} 17. Qxb5 {[%clk 0:10:22]} Nb8 {[%clk 0:08:20]} 18. Qb4
{[%clk 0:09:05]} Qc7 {[%clk 0:08:18]} 19. Re2 {[%clk 0:08:42]} e5
{[%clk 0:07:58]} 20. Qd2 {[%clk 0:08:41]} Qc4 {[%clk 0:06:57]} 21. dxe5
{[%clk 0:07:44]} h6 {[%clk 0:05:14]} 22. Bb3 {[%clk 0:07:30]} Qc5
{[%clk 0:05:14]} 23. Be3 {[%clk 0:07:30]} d4 {[%clk 0:05:09]} 24. exf6
{[%clk 0:06:56]} dxe3 {[%clk 0:05:08]} 25. Be6+ {[%clk 0:06:44]} Kc7
{[%clk 0:05:00]} 26. Qxe3 {[%clk 0:06:04]} gxf6 {[%clk 0:04:43]} 27. Qf4+
{[%clk 0:05:05]} Bd6 {[%clk 0:04:39]} 28. Qg4 {[%clk 0:04:43]} Be5
{[%clk 0:02:55]} 29. Re4 {[%clk 0:04:06]} Nc6 {[%clk 0:02:30]} 30. Rd1
{[%clk 0:02:27]} Bxb2 {[%clk 0:01:52]} 31. Qg7+ {[%clk 0:02:23]} Kb6
{[%clk 0:01:34]} 32. Bc4 {[%clk 0:01:30]} Bc3+ {[%clk 0:01:13]} 33. Ke2
{[%clk 0:01:29]} Rxd1 {[%clk 0:01:01]} 34. Kxd1 {[%clk 0:01:33]} Rd8+
{[%clk 0:01:00]} 35. Bd3 {[%clk 0:01:33]} Qf2 {[%clk 0:00:42]} 36. Qxh6
{[%clk 0:00:16]} Qg1+ {[%clk 0:00:45]} 0-1

[Event "MCR zen 2023-rapid"]
[Site "?"]
[Date "2023.05.10"]
[Round "2.3"]
[White "Dvorakova, Olga"]
[Black "Voriskova, Anna"]
[Result "0-1"]
[BlackElo "1645"]
[WhiteElo "1915"]
[LiveChessVersion "1.4.8"]

1. Nf3 {[%clk 0:15:07]} d5 {[%clk 0:15:09]} 2. c4 {[%clk 0:15:09]} c6
{[%clk 0:15:08]} 3. e3 {[%clk 0:15:10]} g6 {[%clk 0:15:08]} 4. Nc3
{[%clk 0:14:55]} Bg7 {[%clk 0:15:09]} 5. d4 {[%clk 0:13:42]} Nf6 {[%clk 0:15:10]}
6. b3 {[%clk 0:13:18]} O-O {[%clk 0:15:03]} 7. Bb2 {[%clk 0:13:14]} Ne4
{[%clk 0:13:28]} 8. Bd3 {[%clk 0:12:44]} Nf6 {[%clk 0:11:24]} 9. O-O
{[%clk 0:12:34]} Na6 {[%clk 0:11:27]} 10. Rc1 {[%clk 0:10:31]} e6
{[%clk 0:09:34]} 11. cxd5 {[%clk 0:08:45]} exd5 {[%clk 0:09:32]} 12. Bxa6
{[%clk 0:08:38]} bxa6 {[%clk 0:09:34]} 13. Na4 {[%clk 0:08:18]} Bg4
{[%clk 0:08:41]} 14. Rxc6 {[%clk 0:07:47]} Ne4 {[%clk 0:08:39]} 15. Ba3
{[%clk 0:04:15]} Re8 {[%clk 0:08:31]} 16. Kh1 {[%clk 0:00:57]} Qd7
{[%clk 0:07:03]} 17. Rxa6 {[%clk 0:00:09]} Ng5 {[%clk 0:05:57]} 18. Rd6
{[%clk 0:00:09]} Qb5 {[%clk 0:04:09]} 19. Re1 {[%clk 0:00:07]} Bf8
{[%clk 0:01:05]} 20. Nc3 {[%clk 0:00:08]} Qa5 {[%clk 0:00:47]} 21. Rxd5
{[%clk 0:00:10]} Qxc3 {[%clk 0:00:39]} 22. Bxf8 {[%clk 0:00:08]} Nxf3
{[%clk 0:00:32]} 23. gxf3 {[%clk 0:00:11]} Bxf3+ {[%clk 0:00:32]} 24. Qxf3
{[%clk 0:00:10]} Qxe1+ {[%clk 0:00:36]} 25. Kg2 {[%clk 0:00:14]} Rxf8
{[%clk 0:00:40]} 26. Re5 {[%clk 0:00:07]} Rac8 {[%clk 0:00:32]} 27. h4
{[%clk 0:00:08]} Rc1 {[%clk 0:00:32]} 28. Kg3 {[%clk 0:00:07]} Qg1+
{[%clk 0:00:32]} 29. Kf4 {[%clk 0:00:09]} Qh2+ {[%clk 0:00:27]} 30. Ke4
{[%clk 0:00:06]} Qxh4+ {[%clk 0:00:29]} 31. Kd3 {[%clk 0:00:06]} Rfc8
{[%clk 0:00:30]} 32. Rc5 {[%clk 0:00:06]} R1xc5 {[%clk 0:00:32]} 33. dxc5
{[%clk 0:00:08]} Qd8+ {[%clk 0:00:30]} 34. Kc4 {[%clk 0:00:10]} Qc7
{[%clk 0:00:21]} 35. b4 {[%clk 0:00:08]} a5 {[%clk 0:00:22]} 36. a3
{[%clk 0:00:12]} axb4 {[%clk 0:00:13]} 37. axb4 {[%clk 0:00:17]} Qd7
{[%clk 0:00:10]} 38. b5 {[%clk 0:00:11]} Qe6+ {[%clk 0:00:09]} 39. Qd5
{[%clk 0:00:15]} Qg4+ {[%clk 0:00:12]} 40. e4 {[%clk 0:00:07]} Qe2+
{[%clk 0:00:14]} 41. Kb4 {[%clk 0:00:07]} Qb2+ {[%clk 0:00:18]} 42. Kc4
{[%clk 0:00:07]} Qa2+ {[%clk 0:00:12]} 43. Kd4 {[%clk 0:00:09]} Qa4+
{[%clk 0:00:13]} 44. Qc4 {[%clk 0:00:06]} Rd8+ {[%clk 0:00:17]} 45. Kc3
{[%clk 0:00:09]} Qa3+ {[%clk 0:00:19]} 46. Kc2 {[%clk 0:00:10]} Qf3
{[%clk 0:00:14]} 47. c6 {[%clk 0:00:06]} Qxf2+ {[%clk 0:00:16]} 48. Kc3
{[%clk 0:00:08]} Qe1+ {[%clk 0:00:17]} 49. Kb3 {[%clk 0:00:10]} Qb1+
{[%clk 0:00:19]} 50. Kc3 {[%clk 0:00:13]} Qc1+ {[%clk 0:00:17]} 51. Kb4
{[%clk 0:00:13]} Qd2+ {[%clk 0:00:19]} 52. Kc5 {[%clk 0:00:12]} Qe3+
{[%clk 0:00:21]} 53. Kb4 {[%clk 0:00:12]} Rd4 {[%clk 0:00:23]} 54. Qxd4
{[%clk 0:00:06]} Qxd4+ {[%clk 0:00:27]} 55. Ka5 {[%clk 0:00:10]} Qa7+
{[%clk 0:00:29]} 56. Kb4 {[%clk 0:00:14]} Qb6 {[%clk 0:00:32]} 0-1

[Event "MCR zen 2023-blesk"]
[Site "?"]
[Date "2023.05.10"]
[Round "3.1"]
[White "Novosadova, Kristyna"]
[Black "Fizerova, Lucie"]
[Result "1-0"]
[BlackElo "1679"]
[WhiteElo "2094"]
[LiveChessVersion "1.4.8"]

1. e4 {[%clk 0:03:03]} e6 {[%clk 0:03:03]} 2. d4 {[%clk 0:03:04]} d5
{[%clk 0:03:04]} 3. exd5 {[%clk 0:03:03]} exd5 {[%clk 0:03:05]} 4. c4
{[%clk 0:03:03]} c6 {[%clk 0:03:06]} 5. Nc3 {[%clk 0:03:04]} Nf6 {[%clk 0:03:07]}
6. Nf3 {[%clk 0:03:03]} Bd6 {[%clk 0:03:08]} 7. h3 {[%clk 0:02:58]} O-O
{[%clk 0:03:06]} 8. Be3 {[%clk 0:02:57]} Nbd7 {[%clk 0:03:03]} 9. Bd3
{[%clk 0:02:54]} dxc4 {[%clk 0:03:03]} 10. Bxc4 {[%clk 0:02:55]} Nb6
{[%clk 0:03:01]} 11. Bb3 {[%clk 0:02:50]} Nbd5 {[%clk 0:02:53]} 12. Nxd5
{[%clk 0:02:27]} Nxd5 {[%clk 0:02:53]} 13. Bxd5 {[%clk 0:02:17]} Qa5+
{[%clk 0:02:41]} 14. Nd2 {[%clk 0:01:53]} Qxd5 {[%clk 0:02:41]} 15. Qf3
{[%clk 0:01:48]} Qxf3 {[%clk 0:02:39]} 16. Nxf3 {[%clk 0:01:48]} h6
{[%clk 0:02:28]} 17. O-O {[%clk 0:01:49]} Be6 {[%clk 0:02:29]} 18. Rfe1
{[%clk 0:01:50]} Rad8 {[%clk 0:02:29]} 19. Ne5 {[%clk 0:01:50]} Bxe5
{[%clk 0:01:59]} 20. dxe5 {[%clk 0:01:51]} a6 {[%clk 0:01:51]} 21. b3
{[%clk 0:01:51]} Rd5 {[%clk 0:01:48]} 22. Bb6 {[%clk 0:01:48]} Re8
{[%clk 0:01:43]} 23. Rad1 {[%clk 0:01:41]} Rxd1 {[%clk 0:01:41]} 24. Rxd1
{[%clk 0:01:42]} Bd5 {[%clk 0:01:42]} 25. Bc7 {[%clk 0:01:39]} Re6
{[%clk 0:01:26]} 26. f4 {[%clk 0:01:33]} g6 {[%clk 0:00:59]} 27. g4
{[%clk 0:01:28]} Re7 {[%clk 0:00:47]} 28. Bd6 {[%clk 0:01:29]} Re8
{[%clk 0:00:46]} 29. f5 {[%clk 0:01:26]} gxf5 {[%clk 0:00:39]} 30. gxf5
{[%clk 0:01:23]} Be4 {[%clk 0:00:36]} 31. Rf1 {[%clk 0:01:22]} Bd3
{[%clk 0:00:36]} 32. Rf2 {[%clk 0:01:22]} Kh7 {[%clk 0:00:29]} 33. Kh2
{[%clk 0:01:22]} h5 {[%clk 0:00:27]} 34. Kg3 {[%clk 0:01:20]} Rg8+
{[%clk 0:00:24]} 35. Kf4 {[%clk 0:01:20]} Rg1 {[%clk 0:00:21]} 36. e6
{[%clk 0:01:07]} fxe6 {[%clk 0:00:21]} 37. fxe6 {[%clk 0:01:08]} Rg6
{[%clk 0:00:16]} 38. Ke5 {[%clk 0:01:06]} Rg5+ {[%clk 0:00:15]} 39. Kf6
{[%clk 0:01:03]} Rg6+ {[%clk 0:00:16]} 40. Ke7 {[%clk 0:01:02]} Rg7+
{[%clk 0:00:17]} 41. Rf7 {[%clk 0:00:48]} Bg6 {[%clk 0:00:18]} 42. Rxg7+
{[%clk 0:00:42]} Kxg7 {[%clk 0:00:19]} 43. Kd8 {[%clk 0:00:38]} b5
{[%clk 0:00:14]} 44. e7 {[%clk 0:00:39]} Kf6 {[%clk 0:00:14]} 45. e8=Q
{[%clk 0:00:39]} Bxe8 {[%clk 0:00:14]} 46. Kxe8 {[%clk 0:00:39]} Ke6
{[%clk 0:00:16]} 47. Bc5 {[%clk 0:00:39]} Kd5 {[%clk 0:00:17]} 48. b4
{[%clk 0:00:36]} a5 {[%clk 0:00:17]} 49. a3 {[%clk 0:00:37]} axb4
{[%clk 0:00:18]} 50. axb4 {[%clk 0:00:37]} Ke4 {[%clk 0:00:12]} 51. Kd7
{[%clk 0:00:38]} Kd5 {[%clk 0:00:13]} 52. Kc7 {[%clk 0:00:39]} Kc4
{[%clk 0:00:08]} 53. Kxc6 {[%clk 0:00:39]} Kb3 {[%clk 0:00:08]} 54. Kxb5
{[%clk 0:00:40]} 1-0

[Event "MCR zen 2023-blesk"]
[Site "?"]
[Date "2023.05.10"]
[Round "3.2"]
[White "Kanakova, Natalie"]
[Black "Hosova, Sandra"]
[Result "1-0"]
[BlackElo "1738"]
[WhiteElo "2072"]
[LiveChessVersion "1.4.8"]

1. Nf3 {[%clk 0:03:02]} d5 {[%clk 0:03:01]} 2. c4 {[%clk 0:03:03]} d4
{[%clk 0:03:02]} 3. b4 {[%clk 0:02:58]} Bf5 {[%clk 0:02:56]} 4. Bb2
{[%clk 0:02:48]} Nc6 {[%clk 0:02:39]} 5. b5 {[%clk 0:02:45]} Nb4 {[%clk 0:02:38]}
6. Nxd4 {[%clk 0:02:15]} Bg6 {[%clk 0:02:31]} 7. d3 {[%clk 0:02:08]} c5
{[%clk 0:02:17]} 8. Nf3 {[%clk 0:01:57]} a6 {[%clk 0:02:11]} 9. a3
{[%clk 0:01:44]} axb5 {[%clk 0:02:02]} 10. axb4 {[%clk 0:01:41]} Rxa1
{[%clk 0:01:58]} 11. Bxa1 {[%clk 0:01:42]} bxc4 {[%clk 0:01:58]} 12. Ne5
{[%clk 0:01:10]} Nf6 {[%clk 0:01:29]} 13. Qa4+ {[%clk 0:01:08]} Nd7
{[%clk 0:01:29]} 14. bxc5 {[%clk 0:01:00]} cxd3 {[%clk 0:01:18]} 15. exd3
{[%clk 0:01:00]} e6 {[%clk 0:01:18]} 16. Nxd7 {[%clk 0:00:47]} Qxd7
{[%clk 0:01:18]} 17. Qa8+ {[%clk 0:00:39]} Ke7 {[%clk 0:01:12]} 18. Be5
{[%clk 0:00:31]} f5 {[%clk 0:01:01]} 19. d4 {[%clk 0:00:27]} Kf7 {[%clk 0:00:54]}
20. Be2 {[%clk 0:00:25]} h5 21. Qa5 {[%clk 0:00:22]} Kg8 {[%clk 0:00:28]} 22. O-O
{[%clk 0:00:23]} h4 {[%clk 0:00:28]} 23. h3 {[%clk 0:00:24]} Bf7 {[%clk 0:00:23]}
24. Nc3 {[%clk 0:00:24]} Rh6 {[%clk 0:00:17]} 25. Bf3 {[%clk 0:00:25]} g5
{[%clk 0:00:14]} 26. Qc7 {[%clk 0:00:21]} Qe8 {[%clk 0:00:11]} 27. Bxb7
{[%clk 0:00:20]} g4 {[%clk 0:00:09]} 28. hxg4 {[%clk 0:00:16]} fxg4 29. Qc8
{[%clk 0:00:13]} Qe7 {[%clk 0:00:03]} 30. Bd6 {[%clk 0:00:11]} Qe8
{[%clk 0:03:02]} 1-0